000 00443cam a2200181 4500
001 D13584
008 090401t1910 xxu||||| |||| 00| 0 eng d
035 _a(Sirsi) u10548
041 _aeng
100 _aParry, Richard
245 4 _aThe law of easements: an elementary treatise
260 _aLondon
_bEstates Gazette
_c1910
350 _a0
520 _aShelf 133
700 _aHowes, Arthur Burnaby
942 _n0
948 _c04/03/1997
999 _c86756
_d86756